| 000 | 00834cam7a220025300 4500 | ||
|---|---|---|---|
| 001 | zam00002007 | ||
| 008 | 951128s1965 xx eng u | ||
| 035 | _a(Sirsi) r19387 | ||
| 035 | _a(MACHINE)SLC. | ||
| 100 |
_aJohnson, E. D. _6A80252.1 |
||
| 245 | 1 | 2 | _aA history of libraries in the western world. |
| 260 | _c1965. | ||
| 949 |
_aZ721 _wlcc _i33729000112016 _mMAIN _p2500 _tBOOK _lON-SHELF |
||
| 949 |
_aZ721 _wlcc _i33729001476444 _mMAIN _p2500 _tBOOK _lON-SHELF |
||
| 949 |
_aZ721 _wlcc _i33729001484406 _mMAIN _p2500 _tSHORTLOAN _lSHORTLOAN |
||
| 004 | 19387 | ||
| 591 | _aClass code: LS 110. | ||
| 591 | _aCourse: Introduction to librarianship. | ||
| 591 | _aSchool: S03. | ||
| 591 | _aLecturer: Mr. KALUSOPA, T. | ||
| 591 | _aNumber of Students: 17. | ||
| 900 |
_2MAIN _8Z721 _9JOH _c3 |
||
| 909 | _aBook | ||
| 999 |
_c168866 _d168866 |
||